Statistics for 100 Most Influential Scientists in my Opinion

Click here to take the quiz!

General Stats

  • This quiz has been taken 289 times
  • The average score is 35 of 100

Answer Stats

#HintDisciplineAnswer% Correct
5"The Origin of Species", developed the Theory of EvolutionBiologyCharles Darwin
99%
3Three laws of motion, Theory of Gravity, Calculus, contributions to OpticsPhysics, MathematicsIsaac Newton
99%
11Developed the Theory of Relativity, proposed the Photon, described the statistics of BosonsPhysicsAlbert Einstein
98%
1Discovered Jupiter's Moons, developed concept of Inertia, improved Telescope, proposed Heliocentrism, Scientific MethodPhysics, MathematicsGalileo Galilei
97%
7First modern scientist to propose a Heliocentric CosmosAstronomyNicolaus Copernicus
88%
4"a² + b² = c²", Theory of Harmony, might be the first to discover the spherical nature of the earthMathemetics, Astronomy, Musical TheoryPythagoras
88%
6Father of PsychoanalysisPsychoanalysisSigmund Freud
88%
2Ancient philosopher, contributed to Logic, Biology, Physics, Drama Theory, Political Theory, Psychology and moreEverythingAristotle
85%
44Founder of genetics, experimented with peas to develope the Rules of InheritanceBiologyGregor Mendel
84%
61Discovered polonium and radium, was awarded with the nobel price for physics and chemistryPhysics, ChemistryMarie Curie
83%
21Developed Penicillin, the first antibioticumMedicine, BiologyAlexander Fleming
80%
8Discovered principle of floatation and the lever, invented the screw punpMathematics,PhysicsArchimedes
79%
17Developed a Computer and its algorithms, which were able to break the enigma codeComputer ScienceAlan Turing
78%
28Author of the "Elements", the most important ancient work on GeometryMathematicsEuclid
76%
10Developed the period table of elementsChemistryDmitri Mendeleev
75%
26Author of the "Wealth of Nations", father of classical EconomicsEconomicsAdam Smith
74%
45Developed vaccines against Rabies, Anthrax and Chicken cholera, invented the process of heating milk to kill its bacteriaMedicineLouis Pasteur
74%
23Developed the laws of planetary motionPhysicsJohannes Kepler
73%
12Father of Medicine, coined the oath of doctors, discribed and categorized many diseasesMedicineHippocrates
71%
53Developed the multi-phase AC current, gave the unit for magnetic flux density his name, experimented with wireless communicationPhysicsNicola Tesla
70%
24Father of Quantum Physics, described black body radiation, discovered the constant to describe the relation of frequency and energy of lightPhysicsMax Planck
68%
18Experimentally examined electromagnetism, developed the law of induction, a cage to guard from lightnings, contributed to the invention of the electric motorPhysics, ChemistryMichael Faraday
65%
59Discovered the double helix structure of DNABiologyFrancis Crick
59%
58Discovered the double helix structure of DNABiologyJames Watson
58%
83Known for his experiments with conditioning dogsPsychologyIvan Pavlov
57%
9Invented the vaccineMedicineEdward Jenner
56%
16Gave the Number e his name, introduced the standart notation of Math, developed the angles to describe elemental rotationsMathematics, PhysicsLeonard Euler
52%
13Inventor of the microscope, discoverer of bacteriaPhysics, BiologyAntonie van Leeuwenhoek
51%
80Founder of analytic psychology, known for his concepts of the collective unconscious, archetypes and anima and animusPsychoanalysisCarl Jung
51%
99Discovered the nucleus of atomsPhysicsErnest Rutherford
51%
14Developed the coordinate system, founding analytic geometrics, explained the rainbowMathematics, Physics, PhilosophyRene Descartes
51%
52Developed the theory of hydro-pressure, gave the unit for pressure his name, developed the binomial distribution, invented a mechanical calculatorMathematics, Physics, PhilosophyBlaise Pascal
49%
36Invented the self-sustaining nuclar chain reaction, explained the statistics of Spin-1/2-Particels and gave them his name, explained beta-radiation,PhysicsEnrico Fermi
49%
76Developed conflict theory in sociology, dialectical materialism as paradimn for discribing history, the value theory of labor, father of communismSociology, Economics, Political Theory, PhilosophyKarl Marx
49%
56Discovered the role of Oxygen in combustion, reformed chemical nomenclature, pioneer of stoichiometryChemistry, BiologyAntoine Lavoisier
47%
60Made X-ray diffraction images of DNA, which helped to identify its structureBiologyRosalind Franklin
45%
31Developed a set of four equations to describe all electromagnetic phenomens, predicted the existence of electromagnetic wavesPhysicsJames Clerk Maxwell
41%
71Inventor of the economic theory, which demanded the state to invest money in times of crisisEconomicsJohn Maynard Keynes
41%
42Co-invented calculus, invented binary numbers, invented a mechanical calculator, laid the foundation for Paleontology amd Speleology ...EverythingGottfried Wilhelm Leibniz
40%
35Introduced Europe to the islamic and indian mathematics, "1 1 2 3 5 8 13..."MathematicsLeonardo Fibonacci
36%
57Father of Taxonomy and scientific classification of animals and plantsBiologyCarl Linnaeus
34%
88Proposed the Neutrino, discovered the exclusion principle of fermionsPhysicsWolfgang Pauli
34%
39First programmer for an mechanical computerMathematics, Computer ScienceAda Lovelace
33%
15“Mathematicorum Principi”, developed the Normal Distribution, the Divergence Theory, examined Earth's magnetic field and moreMathematics, PhysicsCarl Friedrich Gauss
32%
66Inventor of the World Wide WebComputer Science, PhysicsTim Berners-Lee
32%
47Most important proponent of behavioralism, invented the operant conditioning chamberPsychologyB. F. Skinner
28%
20Developed an influential branch of reform pedagogy in the "Casa dei Bambini"PedagogyMaria Montessori
27%
30Introduced the Atomic Theory into ChemistryChemistryJohn Dalton
26%
37Most important physician of the Roman Empire, developed the four temperaments theoryMedicineGalen
25%
50Developed the path integral formulation of quantum mechanics, wrote his famous "Lectures on Physics"PhysicsRichard Feynman
25%
69Developed the concept of orbital hybridisation, was awarded for the nobel price for peace for engagement against nuclear weaponsChemistryLinus Pauling
24%
38Developed the universal grammar theory and the hierarchy of classes of formal grammarsLinguisticsNoam Chomsky
23%
92Pioneer of the scientific theory, who developed the equation which described the relation of pressure and volume of a gasChemistryRobert Boyle
23%
87"Father of American psychology", proponent of PragmatismPsychologyWilliam James
23%
25Author of "The Protestant Ethic and the Spirit of Capitalism" and "Politics as a Vocation", greatly influencing SociologySociology, EconomicsMax Weber
22%
29First known Scientist of Greece, predicted an eclipse, developed the intercept theorem and that all angles on the semicircle arc are right anglesMathematics, Philosophy, AstronomyThales
22%
55Greatest physician of the middle ages, author of the "Canon Of Medicine" and the "The Book of Healing", also known as Ibn SinaMedicine, PhilosophyAvicenna
21%
43Inventor of algebraic logic, formalized logic, the valuetype of logical values (true,false) are called after him in most programming languagesLogics, MathematicsGeorge Boole
21%
85Developed spectroscopy (with Kirchhoff), invented the burner, that is used in many chemical laboratoriesChemistryKonrad Bunsen
17%
51Distributed to thermodynamics, discovered, that the entropy is proportional to the logarithm of possible states, the physical constant k is named after himPhysicsLudwig Boltzmann
16%
77Author of "The Fall of the Roman Empire"HistorigraphyEdward Gibbon
15%
54Inventor of the ammonia synthesis from nitrogen and hydrogen, father of chemical warfareChemistryFritz Haber
15%
46Invented a treatment for tuberculosis and cholera, discovered acquired immunity, set the standards for examining disease-causing microorganismsMedicineRobert Koch
15%
75Developed a transformation, which can be used to transform from a time space to a frequency space, proved, that all periodically functions can be described as a sum of sinus and cosinus functionsMathematics, PhysicsJoseph Fourier
14%
32Developed Socialdarwinism, "Survival of the Fittest"Sociology, BiologyHerbert Spencer
13%
22Father of Epistemology, helped to prevent Cholera, developed and tested AnesthesiaMedicineJohn Snow
13%
63Developed the incompleteness theorems, which stated the mathematics can not be based purely on a set of axiomsMathematicsKurt Gödel
13%
49Developed the Continental drift theoryGeologyAlfred Wegener
12%
64Greatly distributed to non-euclidean geometry, developed the zeta-function, developed the curvature tensorMathematicsBernhard Riemann
12%
19Father of Sociology and Positivism,Sociology, Philosophy, MathematicsAuguste Comte
11%
33Developed "The Rules of Sociological Method" and examined labour division, major proponent of structural functionalismSociology, PedagogyÉmile Durkheim
11%
81Proponent of structural psychoanalysis, known for the concepts of the mirror phase and the destinction of the real, the symbolic and the imaginaryPsychoanalysisJacques Lacan
11%
94Discovered hydrogen, measured the density of the earthChemistry, PhysicsHenry Cavendish
10%
65Founders of modern ethology, examined instinctive behaviour of geeseBiologyKonrad Lorenz
10%
74Developed a system for describing mechanics, calculated the points at which planets are followed by trojans, developed the formalism for solving optimation problemsMathematics, PhysicsJoseph-Louis Lagrange
9%
78Inventor of the electronical computerComputer ScienceKonrad Zuse
9%
72Most prominent protagonist of the neoliberal Chicago School of economicsEconomicsMilton Friedmann
9%
89Co-developed the statistics of fermions, merged quantum mechanics with special relativity, predicted antimatterPhysicsPaul Dirac
9%
27Developed linguistic Structuralism and contributed to SemioticsLinguisticsFerdinand de Saussure
7%
90Developed Set Theory and the theory of infinite numbersMathematicsGeorg Cantor
7%
93Isolated elements such as potassium, calcium, strontium, barium, magnesium and boron, using electrolysisChemistryHumphry Davy
7%
70"Saviour of mothers", who fought childbed fever and introduced hand disinfection standardsMedicineIgnaz Semmelweis
7%
67Explained the photosynthesesChemistry, BiologyMelvin Calvin
7%
34Introduced indian numbers and zero to islamic mathematics, invented several algorithms, merged arithmetrics and geometryMathematicsMuhammad ibn Musa al-Khwarizmi
7%
73Developed a system for describing mechanics, developed the quaternions, coined the words "tensor" and scalarPhysics, MathematicsWilliam Rowan Hamilton
7%
62Developed a list of problems, mathematician should solve, developed the vector space, which is used in quantum mechanicsMathematicsDavid Hilbert
6%
40Co-developed the first transistor and a theory for explaining superconductivity, won the Nobel Prize in Physics twicePhysics, Electronical EngineeringJohn Bardeen
6%
100Greatest physician of Rennaisance, "father of toxicology"MedicineParacelsus
5%
84Developed the formal language and a theory in which mathematics is purely based on formal logicMathematicsGottlob Frege
4%
96Discovered blood typesMedicineKarl Landsteiner
4%
68Inventor of the first plasticChemistryLeo H. Baekeland
4%
98Discovered the Milieu interieur, examined the function of the liver and was able to explain diabetesMedicineClaude Bernard
2%
91"Founding father of paleontology", developed zoology as comparative anatomyBiologyGeorges Cuvier
2%
79Author of the "Psychology of the Masses"Psychology, SociologyGustave Le Bon
2%
95Founder of the Annales-School of historyHistoriographyMarc Bloch
2%
86Ancient father of LinguisticsLinguisticsPanini
2%
82Founder of Völkerpsychologie, developed Psychology towards an indepent discipline, the "father of experimental psychology"PsychologyWilhelm Wundt
2%
41Co-developed the first transistor and a special type of diodePhysics, Electronical EngineeringWilliam Shockley
2%
48Father of Indo-European studies, discoverer of the relation of european languages and SanskritLinguisticsFranz Bopp
1%
97First mathematician to use non-euclidean geometryMathematicsNikolai Lobachevsky
1%

Score Distribution

Percentile by Number Answered

Percent of People with Each Score

Your Score History

You have not taken this quiz